| 000 | 00847nam a2200253 i 4500 | ||
|---|---|---|---|
| 001 | 81575 | ||
| 003 | ES-MaACL | ||
| 005 | 20250815113043.0 | ||
| 007 | t| | ||
| 008 | 041105s1981 mx ||||1| spa d | ||
| 020 | _a968-6034-13-7 | ||
| 100 | 1 |
_aHuheey, James R. _964656 |
|
| 245 | 1 | 0 |
_aQuímica orgánica _b: principios de estructura y reactividad / _cJames E. Huheey ; traducción Raymundo Cea Olivares ; revisión técnica, Jacobo Gómez Lara. |
| 250 | _a2ª ed. | ||
| 260 |
_aMéxico : _bHARLA, Harper and Row Latinoamericana, _c[1981] |
||
| 300 |
_aXVI, 950 p. ; _c23 cm. |
||
| 500 | _aIndice. | ||
| 504 | _aBibliografía. | ||
| 650 | 7 |
_aQuímica orgánica _2embne _9136799 |
|
| 700 | 1 |
_aCea Olivares, Raymundo. _937266 |
|
| 700 | 1 |
_aGómez Lara, Jacobo. _958007 |
|
| 852 |
_aES-MaACL _jL-9090 _bR.100956 |
||
| 999 |
_c81575 _d81575 |
||